[Event "BSV - Berliner Einzelmeisterschaft 2025 "]
[Site "Berlin, Germany"]
[Date "2025.04.20"]
[Round "2.10"]
[White "Noeldner, Julian"]
[Black "Niehaus, Frank"]
[Result "1-0"]
[WhiteElo "2279"]
[BlackElo "2126"]
[PlyCount "41"]
[GameId "2175545715267346"]
[EventDate "2025.??.??"]

1. e4 e5 2. Nf3 Nc6 3. Bb5 f5 4. d3 fxe4 5. dxe4 Nf6 6. O-O Bc5 7. Bxc6 bxc6 8. Nxe5 O-O 9. Nc3 Qe8 10. Nd3 Bd4 11. e5 Bxe5 12. Re1 d6 13. Bf4 Nd7 14. Bxe5 dxe5 15. Qe2 Qf7 16. f3 Re8 17. Qe4 Bb7 18. Qb4 Rab8 19. Qa5 Nb6 20. Nxe5 Qf5 21. Nxc6 1-0

[Event "BSV - Berliner Einzelmeisterschaft 2025 "]
[Site "Berlin, Germany"]
[Date "2025.04.20"]
[Round "2.11"]
[White "Jahnz, Fabian"]
[Black "Heerde, Thomas"]
[Result "1/2-1/2"]
[WhiteElo "2242"]
[BlackElo "1983"]
[PlyCount "145"]
[GameId "2175545715267347"]
[EventDate "2025.??.??"]

1. e4 c5 2. Nf3 g6 3. d4 cxd4 4. Nxd4 Nf6 5. f3 Nc6 6. Nc3 Qb6 7. Nb3 Bg7 8. Bg5 e6 9. Qd6 h6 10. Bh4 Qb4 11. Qd2 O-O 12. O-O-O a6 13. Bf2 Na5 14. e5 Nh7 15. f4 b5 16. Nc5 g5 17. g3 Nc4 18. Bxc4 bxc4 19. a3 Qa5 20. N3e4 Qc7 21. Qd6 Qa5 22. Rd4 f6 23. Rxc4 fxe5 24. fxe5 Rf7 25. Be1 Qb5 26. Rb4 Qe2 27. Qd3 Qg2 28. Nf6+ Nxf6 29. Rf1 Nd5 30. Rxf7 Kxf7 31. Re4 Qh3 32. Re2 Qh5 33. Qe4 Rb8 34. g4 Qh3 35. Bg3 Kg8 36. Rf2 Nf4 37. Bxf4 gxf4 38. Qxf4 Qh4 39. Qf7+ Kh8 40. Qe8+ Kh7 41. Ne4 Bb7 42. Qxb8 Bxe4 43. Qb6 Qxg4 44. Qxa6 Qg5+ 45. Kb1 Qxe5 46. Qb6 Qd5 47. Qe3 Qb7 48. Qc1 d5 49. Ka2 Qb6 50. Rf7 Bg6 51. Rf3 e5 52. Rg3 e4 53. c3 Be5 54. Rg2 Qc6 55. Qg1 Bg7 56. h4 Qe6 57. h5 d4+ 58. Ka1 dxc3 59. Rxg6 Qe5 60. Qg2 e3 61. Rxg7+ Qxg7 62. Qe4+ Kg8 63. Qxe3 cxb2+ 64. Kb1 Qg5 65. Qe8+ Kg7 66. Kxb2 Qd2+ 67. Kb3 Qd3+ 68. Kb4 Qd6+ 69. Kc4 Qxa3 70. Qg6+ Kh8 71. Qxh6+ Kg8 72. Qg6+ Kh8 73. Qh6+ 1/2-1/2

[Event "BSV - Berliner Einzelmeisterschaft 2025 "]
[Site "Berlin, Germany"]
[Date "2025.04.20"]
[Round "2.12"]
[White "Jahnz, Laurin"]
[Black "Kreutz, Jonas"]
[Result "1-0"]
[WhiteElo "2192"]
[BlackElo "2107"]
[PlyCount "95"]
[GameId "2175545715267348"]
[EventDate "2025.??.??"]

1. e4 c5 2. Nf3 d6 3. Bc4 Nc6 4. O-O Nf6 5. d3 g6 6. Re1 Bg7 7. c3 O-O 8. a4 Bg4 9. Nbd2 Ne5 10. Qe2 Bxf3 11. Nxf3 Nxc4 12. dxc4 Nd7 13. Bf4 Qc7 14. h3 Rad8 15. Bh2 Ne5 16. Nd2 Nc6 17. f4 Qd7 18. Nf1 Qe6 19. Qd3 f5 20. Qd5 Qxd5 21. exd5 Na5 22. Nd2 Rde8 23. Re3 b6 24. Rae1 Bf6 25. g4 Rf7 26. Bg3 Nb7 27. Re6 Kf8 28. Nf1 Nd8 29. R6e2 e6 30. gxf5 gxf5 31. dxe6 Rfe7 32. Ne3 Rxe6 33. Kf2 R8e7 34. Nxf5 Rxe2+ 35. Rxe2 Rd7 36. Rd2 Nb7 37. Kf3 Kf7 38. Ke4 Ke6 39. Ne3 Nd8 40. f5+ Kf7 41. Rxd6 Re7+ 42. Kf3 Nb7 43. Rxf6+ Kxf6 44. Nd5+ Kf7 45. Nxe7 Kxe7 46. Ke4 Na5 47. Kd5 Kf6 48. Bb8 1-0

[Event "BSV - Berliner Einzelmeisterschaft 2025 "]
[Site "Berlin, Germany"]
[Date "2025.04.20"]
[Round "2.13"]
[White "Caglar, Ertan"]
[Black "Rose, Daniel"]
[Result "0-1"]
[WhiteElo "1836"]
[BlackElo "2022"]
[PlyCount "44"]
[GameId "2175545715267349"]
[EventDate "2025.??.??"]

1. e4 e6 2. Nf3 d5 3. e5 c5 4. b4 cxb4 5. a3 bxa3 6. d4 Bd7 7. c3 Na6 8. Bd3 Nc7 9. Nxa3 Ne7 10. h4 b5 11. Nc2 Nc6 12. Ng5 b4 13. Qh5 g6 14. Qf3 Qe7 15. Nxb4 Nxb4 16. cxb4 h6 17. Rb1 hxg5 18. Bxg5 Qxg5 19. hxg5 Rxh1+ 20. Ke2 Rxb1 21. Bxb1 Nb5 22. Bxg6 Nxd4+ 0-1

[Event "BSV - Berliner Einzelmeisterschaft 2025 "]
[Site "Berlin, Germany"]
[Date "2025.04.20"]
[Round "2.14"]
[White "Pererva, Viktor"]
[Black "Torosyan, Bagrat"]
[Result "1-0"]
[WhiteElo "2017"]
[BlackElo "2145"]
[PlyCount "115"]
[GameId "2175545715267350"]
[EventDate "2025.??.??"]

1. c4 e5 2. g3 Nc6 3. Bg2 Nf6 4. Nc3 Bb4 5. Nd5 O-O 6. a3 Bc5 7. e3 Nxd5 8. cxd5 Ne7 9. b4 Bb6 10. Bb2 d6 11. d4 exd4 12. Bxd4 Bxd4 13. Qxd4 Bd7 14. Ne2 a5 15. O-O Bb5 16. Rfe1 axb4 17. axb4 Rxa1 18. Qxa1 Bc4 19. Qd4 b5 20. Nf4 Ng6 21. Nxg6 hxg6 22. Ra1 Qg5 23. Ra7 Qf5 24. Be4 Qg4 25. f3 Qh3 26. Bd3 Qh5 27. Bxc4 bxc4 28. Kg2 Qh6 29. Rxc7 Ra8 30. Qxc4 Qxe3 31. Rc8+ Rxc8 32. Qxc8+ Kh7 33. Qh3+ Kg8 34. Qc8+ Kh7 35. Qc4 Qd2+ 36. Kh3 g5 37. b5 f5 38. b6 Qb2 39. Qd3 g6 40. Qe3 Kh6 41. Qe8 Kh7 42. Qf7+ Kh6 43. Qg8 Qa1 44. Qf8+ Kh7 45. Qe7+ Kh6 46. Qe2 Qb1 47. Qf2 Qb5 48. Kg2 Kh7 49. h4 gxh4 50. gxh4 Qb3 51. Kg3 Kg8 52. Qd4 Qb1 53. Kf4 Kh7 54. Kg5 Qc1+ 55. Kf6 Qh6 56. Kf7 g5 57. Qf6 Qh5+ 58. Kf8 1-0

[Event "BSV - Berliner Einzelmeisterschaft 2025 "]
[Site "Berlin, Germany"]
[Date "2025.04.20"]
[Round "2.15"]
[White "Krefenstein, Sergej"]
[Black "Brustkern, Juergen"]
[Result "1-0"]
[WhiteElo "2013"]
[BlackElo "2093"]
[PlyCount "65"]
[GameId "2175545715267351"]
[EventDate "2025.??.??"]

1. e4 c5 2. Nf3 d6 3. d4 cxd4 4. Nxd4 Nf6 5. Nc3 g6 6. Be3 Bg7 7. f3 O-O 8. Qd2 Nc6 9. Bc4 Bd7 10. O-O-O Rb8 11. Bb3 Na5 12. g4 b5 13. g5 b4 14. Nce2 Ne8 15. f4 Nxb3+ 16. cxb3 Qa5 17. Kb1 Nc7 18. Rc1 d5 19. e5 Nb5 20. a4 Nxd4 21. Nxd4 Rfd8 22. Rc2 e6 23. Rhc1 Bf8 24. Rc7 Be8 25. Nxe6 d4 26. Nxd8 Rxd8 27. Bxd4 Qd5 28. R7c4 Bd7 29. Qe3 Bf5+ 30. Ka2 Qg2 31. Qf2 Qd5 32. Bc5 Be6 33. Bxf8 1-0

[Event "BSV - Berliner Einzelmeisterschaft 2025 "]
[Site "Berlin, Germany"]
[Date "2025.04.20"]
[Round "2.16"]
[White "Verbitsky, Jaroslaw"]
[Black "Vollmar, Timo"]
[Result "1-0"]
[WhiteElo "2065"]
[BlackElo "1882"]
[PlyCount "75"]
[GameId "2175545715267352"]
[EventDate "2025.??.??"]

1. e4 c5 2. Nf3 Nc6 3. Bb5 Nf6 4. Nc3 g6 5. e5 Ng4 6. Bxc6 dxc6 7. h3 Nh6 8. g4 Bg7 9. d3 Be6 10. O-O Qd7 11. Ng5 Ng8 12. Re1 h5 13. Nce4 b6 14. Nxe6 fxe6 15. g5 O-O-O 16. f4 c4 17. Nf2 Qd5 18. Qe2 cxd3 19. cxd3 Rf8 20. Qe4 Rf5 21. d4 Nh6 22. gxh6 Bxh6 23. Qxd5 exd5 24. Nd3 h4 25. Be3 g5 26. fxg5 Bxg5 27. Bxg5 Rg8 28. Kh2 Rfxg5 29. Rg1 Kd7 30. Rxg5 Rxg5 31. Rg1 Rf5 32. Kg2 Ke6 33. Rf1 Rxf1 34. Kxf1 Kf5 35. Nb4 c5 36. dxc5 Kxe5 37. Nc6+ Ke6 38. Nd4+ 1-0

[Event "BSV - Berliner Einzelmeisterschaft 2025 "]
[Site "Berlin, Germany"]
[Date "2025.04.21"]
[Round "3.1"]
[White "Ahmadinia, Ebrahim"]
[Black "Vavulin, Maxim"]
[Result "0-1"]
[WhiteElo "2396"]
[BlackElo "2527"]
[PlyCount "102"]
[GameId "2175546147231603"]
[EventDate "2025.??.??"]

1. e4 g6 2. d4 Bg7 3. Nf3 d6 4. Be2 Nd7 5. O-O e5 6. Nc3 Ngf6 7. dxe5 dxe5 8. h3 Qe7 9. Bg5 c6 10. a4 Nc5 11. Nd2 O-O 12. Bc4 Rd8 13. Qe2 Ne6 14. Bxe6 Bxe6 15. Nf3 h6 16. Bh4 Qb4 17. Rfb1 Qc5 18. a5 g5 19. Bg3 Nh5 20. Bh2 Nf4 21. Bxf4 exf4 22. e5 Qc4 23. Qe1 Bf5 24. Ra4 Qe6 25. Nd4 Qg6 26. Nxf5 Qxf5 27. a6 b5 28. Re4 Re8 29. Qe2 Bxe5 30. Re1 f6 31. Na2 Rec8 32. c3 f3 33. Qc2 fxg2 34. Kxg2 c5 35. Qb3+ Kg7 36. Qxb5 Rab8 37. Qe2 Qe6 38. Nc1 c4 39. Rd1 Qc6 40. Kg1 Rxb2 41. Qxb2 Qxe4 42. Ne2 Rb8 43. Qd2 Kg6 44. Ng3 Qf3 45. Qc2+ f5 46. Nf1 Qxh3 47. Rd7 Qg4+ 48. Kh1 Rb3 49. Ne3 Qh3+ 50. Kg1 Rxc3 51. Qd2 Rc1+ 0-1

[Event "BSV - Berliner Einzelmeisterschaft 2025 "]
[Site "Berlin, Germany"]
[Date "2025.04.21"]
[Round "3.1"]
[White "Bayar, Mehmet"]
[Black "Weber, Daniel"]
[Result "1/2-1/2"]
[WhiteElo "1921"]
[BlackElo "2178"]
[PlyCount "63"]
[GameId "2175546147231619"]
[EventDate "2025.??.??"]

1. e4 c5 2. c3 Nf6 3. e5 Nd5 4. d4 cxd4 5. Bc4 Nb6 6. Bb3 d6 7. exd6 Qxd6 8. cxd4 Be6 9. Nf3 Bxb3 10. Qxb3 Nc6 11. Be3 Qb4+ 12. Nbd2 e6 13. O-O Be7 14. a3 Qxb3 15. Nxb3 Nd5 16. Rac1 O-O 17. Nc5 Bxc5 18. dxc5 Nxe3 19. fxe3 Rfd8 20. Rfd1 f6 21. Kf2 Kf7 22. Ke2 e5 23. b4 Ke6 24. Nd2 f5 25. Nc4 Rxd1 26. Rxd1 Rd8 27. Rxd8 Nxd8 28. Kd3 Kd5 29. Nd6 e4+ 30. Kc3 g6 31. Ne8 h6 32. Nd6 1/2-1/2

[Event "BSV - Berliner Einzelmeisterschaft 2025 "]
[Site "Berlin, Germany"]
[Date "2025.04.21"]
[Round "3.2"]
[White "Hesse, Henrik"]
[Black "Czernek, Tymon"]
[Result "1-0"]
[WhiteElo "2252"]
[BlackElo "2374"]
[PlyCount "125"]
[GameId "2175546147231604"]
[EventDate "2025.??.??"]

1. c4 e5 2. g3 Nf6 3. Bg2 d5 4. cxd5 Nxd5 5. Nc3 Nb6 6. Nf3 Nc6 7. d3 Be7 8. O-O O-O 9. a3 Re8 10. b4 a5 11. b5 Nd4 12. Nxd4 exd4 13. Na4 Nd5 14. Bb2 Bf6 15. Rc1 Bg4 16. Re1 Qd7 17. Qb3 c6 18. bxc6 bxc6 19. Qc4 Bxe2 20. Nc5 Qg4 21. Ne4 Bf3 22. Nxf6+ Nxf6 23. Rxe8+ Rxe8 24. Qxd4 Qf5 25. Qf4 Qxf4 26. gxf4 Bxg2 27. Kxg2 Nd5 28. Kf3 Ne7 29. Rc5 Ra8 30. a4 f6 31. Bc3 Rd8 32. Ke4 f5+ 33. Ke5 Kf7 34. d4 g6 35. Rxa5 Nc8 36. d5 cxd5 37. Bd4 Rd7 38. Ra6 Ne7 39. Rf6+ Ke8 40. a5 Rc7 41. a6 Nc6+ 42. Kd6 Rc8 43. Re6+ Kf7 44. Kd7 Rd8+ 45. Kxc6 Kxe6 46. a7 Rc8+ 47. Kb7 Kd7 48. Bb6 Re8 49. h4 Rc8 50. Bd4 Re8 51. Be5 d4 52. Bxd4 Kd6 53. a8=Q Rxa8 54. Kxa8 Kd5 55. Bf6 Ke4 56. Bg5 Kf3 57. Kb7 Kxf2 58. Kc6 Kg3 59. Kd6 Kg4 60. Ke6 Kh5 61. Kf7 h6 62. Bf6 Kg4 63. Kxg6 1-0

[Event "BSV - Berliner Einzelmeisterschaft 2025 "]
[Site "Berlin, Germany"]
[Date "2025.04.21"]
[Round "3.3"]
[White "Poltorak, Sebastian"]
[Black "Berger, Steve"]
[Result "1-0"]
[WhiteElo "2417"]
[BlackElo "2425"]
[PlyCount "115"]
[GameId "2175546147231605"]
[EventDate "2025.??.??"]

1. d4 d5 2. c4 dxc4 3. e4 e5 4. Nf3 exd4 5. Bxc4 Bb4+ 6. Nbd2 Nc6 7. O-O Nf6 8. e5 Nd5 9. a3 Be7 10. Qb3 Na5 11. Qa4+ Nc6 12. Nxd4 Nb6 13. Nxc6 Nxa4 14. Nxd8 Bxd8 15. f4 Nb6 16. Bb3 Be6 17. f5 Bxb3 18. Nxb3 Nd5 19. Nc5 Rb8 20. Bd2 c6 21. Rac1 Bb6 22. Kh1 Bxc5 23. Rxc5 Kd7 24. Rc4 Rbe8 25. Re1 g6 26. g4 h5 27. e6+ fxe6 28. fxg6 Reg8 29. gxh5 Rxh5 30. Rg4 Rg7 31. Reg1 e5 32. Rg5 Rxg5 33. Rxg5 Ne7 34. Rxe5 Rxg6 35. Bg5 Nd5 36. h4 Kd6 37. Re2 b5 38. Rg2 Ke6 39. h5 Rg7 40. h6 Rh7 41. Kh2 Nf6 42. Kg3 Ng8 43. Rc2 Kf5 44. Rc5+ Kg6 45. Bf4 Ne7 46. Kg4 Rf7 47. Bg5 Kh7 48. b4 Ng6 49. Rf5 Rd7 50. Kh5 Nh8 51. Rf6 Nf7 52. Rxc6 a5 53. bxa5 Nxg5 54. Kxg5 Rd5+ 55. Kf6 Kxh6 56. Rb6 Rd3 57. Rxb5 Rxa3 58. Ke6 1-0

[Event "BSV - Berliner Einzelmeisterschaft 2025 "]
[Site "Berlin, Germany"]
[Date "2025.04.21"]
[Round "3.4"]
[White "Polzin, Rainer"]
[Black "Noeldner, Julian"]
[Result "1-0"]
[WhiteElo "2401"]
[BlackElo "2279"]
[PlyCount "73"]
[GameId "2175546147231606"]
[EventDate "2025.??.??"]

1. e4 c5 2. Nc3 Nc6 3. Bb5 Nd4 4. Nf3 a6 5. Bd3 g6 6. O-O Bg7 7. Re1 e6 8. a3 Nc6 9. Bf1 Nge7 10. b4 d6 11. bxc5 dxc5 12. e5 Qc7 13. Bb2 O-O 14. Ne4 Nxe5 15. Nxe5 Bxe5 16. Nf6+ Bxf6 17. Bxf6 Nd5 18. Be5 Qe7 19. c4 Nc7 20. Qb3 f6 21. Bc3 Qd6 22. d4 cxd4 23. Rad1 Qc6 24. Bb4 Qb6 25. c5 Qc6 26. Rxd4 Nd5 27. Bc4 a5 28. Rxd5 axb4 29. axb4 Ra3 30. Qxa3 exd5 31. b5 Qd7 32. Rd1 Re8 33. h3 Re5 34. Rxd5 Rxd5 35. Qd3 Kg7 36. Qxd5 Qe7 37. Qg8+ 1-0

[Event "BSV - Berliner Einzelmeisterschaft 2025 "]
[Site "Berlin, Germany"]
[Date "2025.04.21"]
[Round "3.5"]
[White "Yatskar, Martin"]
[Black "Ermitsch, Magnus"]
[Result "0-1"]
[WhiteElo "2169"]
[BlackElo "2401"]
[PlyCount "88"]
[GameId "2175546147231607"]
[EventDate "2025.??.??"]

1. d4 d5 2. c4 e6 3. Nc3 a6 4. cxd5 exd5 5. Bf4 Nf6 6. e3 Bd6 7. Bg5 c6 8. Bd3 O-O 9. Qc2 h6 10. Bh4 Re8 11. Nf3 a5 12. a3 Na6 13. Bg3 Bxg3 14. hxg3 Nc7 15. Ne5 c5 16. O-O c4 17. Bf5 b5 18. Ne2 Ra6 19. g4 Bxf5 20. gxf5 Ne4 21. Nc3 Nd6 22. Ne2 Qg5 23. Ng3 h5 24. Nf3 Qh6 25. Ne2 Qf6 26. Nf4 Ne4 27. a4 b4 28. Ne5 Qxf5 29. Rac1 h4 30. Rfe1 g5 31. Nxd5 b3 32. Qxe4 Qxe4 33. Nxc7 Rxe5 34. Nxa6 Re7 35. Nc5 Qd5 36. Rcd1 f5 37. f3 g4 38. e4 fxe4 39. fxe4 Qg5 40. d5 h3 41. Ne6 Qh4 42. Re2 hxg2 43. Kxg2 Qh3+ 44. Kf2 Rf7+ 0-1

[Event "BSV - Berliner Einzelmeisterschaft 2025 "]
[Site "Berlin, Germany"]
[Date "2025.04.21"]
[Round "3.6"]
[White "Florstedt, Johannes"]
[Black "Foerster, Jonas"]
[Result "1-0"]
[WhiteElo "2382"]
[BlackElo "2266"]
[PlyCount "67"]
[GameId "2175546147231608"]
[EventDate "2025.??.??"]

1. e4 c6 2. d4 d5 3. e5 c5 4. Nf3 Nc6 5. dxc5 e6 6. Be3 Nge7 7. Nc3 Nf5 8. Bg5 Be7 9. Bxe7 Qxe7 10. Qd2 O-O 11. O-O-O Qxc5 12. Bd3 Rd8 13. Kb1 h6 14. g4 Nfd4 15. Nxd4 Qxd4 16. f4 Qb4 17. a3 Qa5 18. Qg2 g6 19. Qh3 Kg7 20. Qh4 Qc7 21. Nb5 Qe7 22. Qg3 a6 23. Nd6 Rxd6 24. exd6 Qxd6 25. h4 Bd7 26. Qe3 d4 27. Qd2 f6 28. g5 fxg5 29. hxg5 h5 30. Bxg6 Kxg6 31. Qd3+ Kf7 32. Qh7+ Ke8 33. g6 Kd8 34. Qh8+ 1-0

[Event "BSV - Berliner Einzelmeisterschaft 2025 "]
[Site "Berlin, Germany"]
[Date "2025.04.21"]
[Round "3.7"]
[White "Klenburg, Mikhail"]
[Black "Bueyuekasik, Diyap"]
[Result "0-1"]
[WhiteElo "2338"]
[BlackElo "2236"]
[PlyCount "94"]
[GameId "2175546147231609"]
[EventDate "2025.??.??"]

1. e4 c5 2. Nf3 g6 3. d4 Bg7 4. d5 d6 5. h3 Nf6 6. Nc3 O-O 7. Be2 b5 8. a3 b4 9. axb4 cxb4 10. Na2 Nxe4 11. O-O Qb6 12. Qe1 Bb7 13. Bc4 Nf6 14. Nxb4 a5 15. Nd3 Qc7 16. Bb3 Nxd5 17. Bd2 Nb4 18. Nxb4 axb4 19. Rxa8 Bxa8 20. Bxb4 Bxf3 21. gxf3 Bxb2 22. Bd2 Bg7 23. Qe4 Nc6 24. Be3 e6 25. c4 Rb8 26. Bd1 Rb4 27. Qc2 Nd4 28. Bxd4 Bxd4 29. Be2 Qc5 30. Qe4 d5 31. cxd5 Bxf2+ 32. Rxf2 Rxe4 33. fxe4 exd5 34. exd5 Qxd5 35. Bf3 Qg5+ 36. Bg2 Qe3 37. Bf3 h5 38. Kf1 Kg7 39. Kg2 Qg5+ 40. Kf1 Qg3 41. Bg2 g5 42. Rf3 Qe5 43. Kg1 g4 44. hxg4 hxg4 45. Rd3 f5 46. Kf1 Qb5 47. Ke2 f4 0-1

[Event "BSV - Berliner Einzelmeisterschaft 2025 "]
[Site "Berlin, Germany"]
[Date "2025.04.21"]
[Round "3.8"]
[White "Heerde, Thomas"]
[Black "Matthes, Aaron"]
[Result "1/2-1/2"]
[WhiteElo "1983"]
[BlackElo "2253"]
[PlyCount "120"]
[GameId "2175546147231610"]
[EventDate "2025.??.??"]

1. Nf3 Nf6 2. g3 b6 3. Bg2 Bb7 4. O-O e6 5. b3 d5 6. Bb2 Be7 7. d3 O-O 8. Nbd2 c5 9. Re1 Nc6 10. e4 Qc7 11. e5 Nd7 12. Qe2 b5 13. c4 Nb4 14. Nf1 bxc4 15. bxc4 d4 16. h4 Rab8 17. Rad1 Nxa2 18. N1h2 Nb4 19. Bc1 Bxf3 20. Bxf3 Rb6 21. Bg5 Bxg5 22. hxg5 Qd8 23. Qd2 Nc6 24. Ng4 Qc7 25. Qf4 Ne7 26. Nf6+ Nxf6 27. gxf6 Ng6 28. Qg5 h6 29. Qh5 Rfb8 30. Qg4 gxf6 31. exf6 e5 32. Qf5 Qd6 33. Bh5 Qxf6 34. Bxg6 fxg6 35. Qxf6 Rc6 36. Qe6+ Rxe6 37. Rxe5 Rf6 38. f4 Rb2 39. Re6 Rf5 40. Ra1 Kg7 41. Ra5 Rf7 42. Raa6 g5 43. Rg6+ Kf8 44. fxg5 hxg5 45. Rxg5 Rf3 46. Rxa7 Rxd3 47. Rf5+ Ke8 48. Re5+ Kd8 49. Rd5+ Kc8 50. Rxc5+ Kb8 51. Ra1 Rxg3+ 52. Kf1 Rf3+ 53. Kg1 Rc3 54. Rd1 Rg3+ 55. Kf1 Rh3 56. Kg1 d3 57. Rd5 Rb3 58. Kg2 Re3 59. Kf2 Rh3 60. Kg2 Re3 1/2-1/2

[Event "BSV - Berliner Einzelmeisterschaft 2025 "]
[Site "Berlin, Germany"]
[Date "2025.04.21"]
[Round "3.9"]
[White "Rose, Daniel"]
[Black "Jahnz, Fabian"]
[Result "1-0"]
[WhiteElo "2022"]
[BlackElo "2242"]
[PlyCount "59"]
[GameId "2175546147231611"]
[EventDate "2025.??.??"]

1. d4 Nf6 2. c4 e6 3. Nc3 c5 4. d5 exd5 5. cxd5 d6 6. e4 g6 7. Bb5+ Nbd7 8. a4 a6 9. Bxd7+ Bxd7 10. Nf3 Bg7 11. h3 b5 12. O-O b4 13. Nb1 Nxe4 14. Re1 f5 15. Bg5 Bf6 16. Bh6 Kf7 17. Nbd2 Nxd2 18. Qxd2 Re8 19. Rxe8 Qxe8 20. Re1 Qd8 21. Ng5+ Kg8 22. Ne6 Bxe6 23. Rxe6 Ra7 24. Bf4 Rd7 25. Qe2 Kf7 26. Qxa6 Bxb2 27. Bxd6 Bd4 28. Be5 Bxe5 29. Rxe5 Qf6 30. Qe6+ 1-0

[Event "BSV - Berliner Einzelmeisterschaft 2025 "]
[Site "Berlin, Germany"]
[Date "2025.04.21"]
[Round "3.10"]
[White "Baldauf, Marco"]
[Black "Jahnz, Laurin"]
[Result "1/2-1/2"]
[WhiteElo "2457"]
[BlackElo "2192"]
[PlyCount "72"]
[GameId "2175546147231612"]
[EventDate "2025.??.??"]

1. d4 d5 2. c4 e6 3. Nc3 c6 4. Nf3 f5 5. Bf4 Nf6 6. e3 Be7 7. Bd3 O-O 8. h3 Ne4 9. O-O Nd7 10. Rc1 g5 11. Bh2 Rf7 12. a3 a5 13. Ne5 Nxe5 14. Bxe5 Nxc3 15. Rxc3 Bd6 16. Bxd6 Qxd6 17. Qh5 Rg7 18. Rb1 Bd7 19. b4 axb4 20. axb4 Be8 21. Qd1 g4 22. hxg4 fxg4 23. g3 h5 24. e4 e5 25. exd5 exd4 26. Rc2 cxd5 27. cxd5 h4 28. Be4 hxg3 29. Qxd4 Bg6 30. Bxg6 Qxg6 31. Rbc1 gxf2+ 32. Qxf2 g3 33. Rc8+ Rxc8 34. Rxc8+ Kh7 35. Qc2 Qxc2 36. Rxc2 Rd7 1/2-1/2

[Event "BSV - Berliner Einzelmeisterschaft 2025 "]
[Site "Berlin, Germany"]
[Date "2025.04.21"]
[Round "3.11"]
[White "Niehaus, Frank"]
[Black "Richter, Michael"]
[Result "0-1"]
[WhiteElo "2126"]
[BlackElo "2402"]
[PlyCount "146"]
[GameId "2175546147231613"]
[EventDate "2025.??.??"]

1. f4 d5 2. Nf3 Nf6 3. e3 g6 4. d4 Bg7 5. Bd3 O-O 6. Nbd2 b6 7. O-O Bb7 8. c3 Nbd7 9. Ne5 Ne4 10. Qc2 Ndf6 11. b3 c5 12. Bb2 Rc8 13. Rac1 e6 14. Qd1 Qe7 15. Qe2 Rfd8 16. Rfd1 Nxd2 17. Qxd2 Ne4 18. Qe2 Nd6 19. Rf1 f6 20. Nf3 c4 21. Bb1 Qc7 22. Nd2 f5 23. Nf3 a5 24. Qf2 Ne4 25. Bxe4 fxe4 26. Ne5 Ba6 27. Rfe1 Qe7 28. Qd2 Bxe5 29. fxe5 Rf8 30. b4 axb4 31. cxb4 Bb5 32. Bc3 Rf5 33. Rf1 Rcf8 34. Rxf5 exf5 35. a3 g5 36. Rf1 Qa7 37. Ra1 Ba4 38. Qe2 Qg7 39. Kh1 Qg6 40. Rf1 Bd7 41. Bd2 h6 42. Qf2 Kg7 43. Ra1 Ba4 44. Rc1 Kf7 45. Rf1 Ke6 46. Bc1 Qh5 47. Qd2 f4 48. exf4 Rxf4 49. Qe1 Rf7 50. Kg1 Kd7 51. Bd2 Kc6 52. Rxf7 Qxf7 53. Qf2 Qe6 54. h3 Kb7 55. Qf8 Bd7 56. Qf2 Ka6 57. Qf8 Kb7 58. Qf2 Qe7 59. Qf1 Ka6 60. Kh2 Qe6 61. Qf8 Kb7 62. Qf1 g4 63. hxg4 Qxg4 64. Qf4 Qxf4+ 65. Bxf4 c3 66. Bxh6 Ka6 67. Bc1 Kb5 68. Kg3 Kc4 69. Be3 Kd3 70. Kf4 b5 71. g3 Ke2 72. Bc1 Kd1 73. Be3 c2 0-1

[Event "BSV - Berliner Einzelmeisterschaft 2025 "]
[Site "Berlin, Germany"]
[Date "2025.04.21"]
[Round "3.12"]
[White "Nogly, Christoph"]
[Black "Pererva, Viktor"]
[Result "1/2-1/2"]
[WhiteElo "2203"]
[BlackElo "2017"]
[PlyCount "118"]
[GameId "2175546147231614"]
[EventDate "2025.??.??"]

1. d4 d5 2. Nf3 e6 3. c4 a6 4. g3 dxc4 5. Bg2 c5 6. O-O cxd4 7. Qxd4 Qxd4 8. Nxd4 e5 9. Nc2 Nc6 10. Rd1 Be6 11. Be3 Nf6 12. Nc3 Be7 13. Na4 Nd7 14. Nb6 Nxb6 15. Bxb6 Bd8 16. Bxc6+ bxc6 17. Rxd8+ Rxd8 18. Bxd8 Kxd8 19. Nb4 Kc7 20. Nxa6+ Kb6 21. Nb4 Rd8 22. Nc2 Rd2 23. Rc1 Rxe2 24. Kf1 Rd2 25. Ke1 Rd8 26. Na3 Rd4 27. f3 g5 28. Rc3 Rd3 29. Nxc4+ Bxc4 30. Rxc4 Rxf3 31. Rb4+ Kc7 32. a4 Rd3 33. Ke2 Rd8 34. Rc4 f5 35. b4 Kd6 36. g4 fxg4 37. Rxg4 h6 38. Rc4 Rf8 39. b5 cxb5 40. axb5 Rb8 41. Rc6+ Kd5 42. Rxh6 Rxb5 43. h4 gxh4 44. Rxh4 Rb2+ 45. Ke3 Rb1 46. Ra4 Re1+ 47. Kd3 e4+ 48. Kd2 Rb1 49. Ra5+ Kd4 50. Ra4+ Ke5 51. Ra3 Kf4 52. Ke2 Rb2+ 53. Ke1 Rg2 54. Rb3 Rg3 55. Rb8 Rd3 56. Ke2 Re3+ 57. Kf2 Rf3+ 58. Ke2 Re3+ 59. Kf2 Rf3+ 1/2-1/2

[Event "BSV - Berliner Einzelmeisterschaft 2025 "]
[Site "Berlin, Germany"]
[Date "2025.04.21"]
[Round "3.13"]
[White "Verbitsky, Jaroslaw"]
[Black "Matviienko, Mykhailo"]
[Result "0-1"]
[WhiteElo "2065"]
[BlackElo "2158"]
[PlyCount "38"]
[GameId "2175546147231615"]
[EventDate "2025.??.??"]

1. e4 e6 2. d4 d5 3. exd5 exd5 4. Nf3 Bd6 5. c4 Nf6 6. Nc3 dxc4 7. Bxc4 O-O 8. O-O h6 9. h3 Nc6 10. Qc2 a6 11. Bxh6 gxh6 12. Qg6+ Kh8 13. Qxh6+ Nh7 14. Ne4 Rg8 15. Bxf7 Qf8 16. Qh5 Rg7 17. Nfg5 Bf5 18. Bd5 Bxe4 19. Bxe4 Qf4 0-1

[Event "BSV - Berliner Einzelmeisterschaft 2025 "]
[Site "Berlin, Germany"]
[Date "2025.04.21"]
[Round "3.14"]
[White "Kreutz, Jonas"]
[Black "Krefenstein, Sergej"]
[Result "1/2-1/2"]
[WhiteElo "2107"]
[BlackElo "2013"]
[PlyCount "87"]
[GameId "2175546147231616"]
[EventDate "2025.??.??"]

1. e4 e6 2. d4 d5 3. e5 c5 4. c3 Qb6 5. Nf3 Nc6 6. a3 c4 7. Nbd2 f6 8. b4 cxb3 9. Nxb3 fxe5 10. Nxe5 Nf6 11. Bg5 Nxe5 12. Bxf6 Nf7 13. Bh4 Bd7 14. Rb1 Qc7 15. Qc2 Bxa3 16. Bg3 Qc8 17. Bd3 h6 18. O-O O-O 19. Nd2 Bd6 20. Nf3 Be7 21. Bh7+ Kh8 22. Bg6 Bf6 23. Bh4 Nd6 24. Bg3 Nf7 25. Rfe1 b6 26. Bf4 Qd8 27. Qd2 Kg8 28. Re3 Rc8 29. Rbe1 Ng5 30. Ne5 Bxe5 31. Bxe5 Nf7 32. Bxf7+ Rxf7 33. Rg3 Qh4 34. Rh3 Qg5 35. f4 Qf5 36. Ree3 Qb1+ 37. Re1 Qf5 38. Ree3 Qb1+ 39. Kf2 Bb5 40. Re1 Qf5 41. Ree3 Ba4 42. Re2 Bb5 43. Ree3 Ba4 44. Re2 1/2-1/2

[Event "BSV - Berliner Einzelmeisterschaft 2025 "]
[Site "Berlin, Germany"]
[Date "2025.04.21"]
[Round "3.15"]
[White "Torosyan, Bagrat"]
[Black "Caglar, Ertan"]
[Result "1/2-1/2"]
[WhiteElo "2145"]
[BlackElo "1836"]
[PlyCount "79"]
[GameId "2175546147231617"]
[EventDate "2025.??.??"]

1. Nf3 f5 2. g3 Nf6 3. c4 e6 4. Bg2 Be7 5. O-O d5 6. d3 O-O 7. Nbd2 c6 8. b3 Nbd7 9. Bb2 a5 10. Qc2 Nc5 11. a3 Bd7 12. Bc3 b5 13. Ne5 Be8 14. b4 Na4 15. Nb3 Nxc3 16. Qxc3 axb4 17. axb4 bxc4 18. dxc4 Ne4 19. Bxe4 fxe4 20. Rxa8 Qxa8 21. Nd4 Bf6 22. Ng4 Qb8 23. Nxf6+ Rxf6 24. Nb3 e5 25. cxd5 cxd5 26. Nc5 Rb6 27. Rb1 Qd6 28. Qb3 Bf7 29. Qa3 h6 30. b5 Be8 31. Qa8 Rb8 32. Qa7 Rxb5 33. Rc1 Qb6 34. Qe7 Qb8 35. Ne6 Rb7 36. Qf8+ Kh7 37. Qf5+ Kg8 38. Qf8+ Kh7 39. Qf5+ Kg8 40. Qf8+ 1/2-1/2

[Event "BSV - Berliner Einzelmeisterschaft 2025 "]
[Site "Berlin, Germany"]
[Date "2025.04.21"]
[Round "3.16"]
[White "Brustkern, Juergen"]
[Black "Vollmar, Timo"]
[Result "1-0"]
[WhiteElo "2093"]
[BlackElo "1882"]
[PlyCount "55"]
[GameId "2175546147231618"]
[EventDate "2025.??.??"]

1. c4 Nf6 2. Nc3 e5 3. e3 Nc6 4. Nf3 d5 5. cxd5 Nxd5 6. Bb5 Nxc3 7. bxc3 Bd6 8. d4 Bd7 9. O-O O-O 10. e4 Re8 11. Re1 h6 12. Rb1 Rb8 13. Bd3 exd4 14. cxd4 Bg4 15. Bc4 Qe7 16. Bb2 Rbd8 17. h3 Bh5 18. Bc3 Be5 19. g4 Bg6 20. Bd5 Bf6 21. Rxb7 Nb8 22. Rxa7 h5 23. Qd2 hxg4 24. hxg4 Qd7 25. Qf4 Qb5 26. Rxc7 Na6 27. Rb7 Qd3 28. Re3 1-0